| 000 | 00503nam a2200169 4500 | ||
|---|---|---|---|
| 001 | 133043 | ||
| 003 | ES-MaACL | ||
| 005 | 20230906194319.0 | ||
| 007 | t| | ||
| 008 | 070214s1971 sp r ||||1| spa d | ||
| 100 | 1 |
_aRuark, Robert. _9100276 |
|
| 245 | 1 | 4 |
_aLas implacables / _cRobert Ruark ; [traducción de Manuel López Galarza]. |
| 260 |
_aBarcelona : _bLuis de Caralt, _c1971. |
||
| 300 |
_a567 p. ; _c20 cm. |
||
| 700 | 1 |
_aLópez Galarza, Manuel. _973649 |
|
| 852 |
_aES-MaACL _jC-39189 _bR.79231 |
||
| 999 |
_c133043 _d133043 |
||